Every Tool In Minecraft - Statistics

General Stats
  • This quiz has been taken 310 times
  • The average score is 22 of 26
Answer Stats
Answer % Correct
Diamond Pickaxe
93%
Gold Pickaxe
93%
Iron Pickaxe
93%
Wooden Pickaxe
93%
Stone Pickaxe
90%
Netherite Pickaxe
89%
Diamond Axe
88%
Wooden Shovel
88%
Diamond Hoe
87%
Diamond Shovel
87%
Gold Axe
87%
Gold Hoe
87%
Gold Shovel
87%
Iron Axe
87%
Iron Hoe
87%
Wooden Axe
87%
Wooden Hoe
87%
Iron Shovel
86%
Stone Shovel
86%
Netherite Axe
85%
Netherite Hoe
85%
Netherite Shovel
85%
Stone Axe
85%
Stone Hoe
85%
Flint and Steel
46%
Shears
45%
No matching quizzes found
Score Distribution
Percent of People with Each Score
Percentile by Number Answered
Your Score History
You have not taken this quiz